LEADER 01742oam 2200457M 450 001 9910716187203321 005 20200213070902.2 035 $a(CKB)5470000002518239 035 $a(OCoLC)1065592351 035 $a(OCoLC)995470000002518239 035 $a(EXLCZ)995470000002518239 100 $a20071213d1926 ua 0 101 0 $aeng 135 $aurcn||||||||| 181 $ctxt$2rdacontent 182 $cc$2rdamedia 183 $acr$2rdacarrier 200 10$aRegulation of motor vehicle traffic in the District of Columbia. March 3 (calendar day, March 4), 1926. -- Ordered to be printed 210 1$a[Washington, D.C.] :$c[U.S. Government Printing Office],$d1926. 215 $a1 online resource (2 pages) 225 1 $aSenate report / 69th Congress, 1st session. Senate ;$vno. 259 225 1 $a[United States congressional serial set] ;$v[serial no. 8524] 300 $aBatch processed record: Metadata reviewed, not verified. Some fields updated by batch processes. 300 $aFDLP item number not assigned. 517 $aRegulation of motor vehicle traffic in the District of Columbia. March 3 606 $aDrivers' licenses 606 $aMotor vehicles 606 $aTraffic regulations 608 $aLegislative materials.$2lcgft 615 0$aDrivers' licenses. 615 0$aMotor vehicles. 615 0$aTraffic regulations. 701 $aCapper$b Arthur$f1865-1951$pRepublican (KS)$01386839 801 0$bWYU 801 1$bWYU 801 2$bOCLCO 801 2$bOCLCQ 906 $aBOOK 912 $a9910716187203321 996 $aRegulation of motor vehicle traffic in the District of Columbia. March 3 (calendar day, March 4), 1926. -- Ordered to be printed$93455492 997 $aUNINA LEADER 04131nam 22006495 450 001 9910887815903321 005 20250807132501.0 010 $a3-031-60855-0 024 7 $a10.1007/978-3-031-60855-1 035 $a(MiAaPQ)EBC31681635 035 $a(Au-PeEL)EBL31681635 035 $a(CKB)35980422900041 035 $a(DE-He213)978-3-031-60855-1 035 $a(EXLCZ)9935980422900041 100 $a20240918d2024 u| 0 101 0 $aeng 135 $aurcnu|||||||| 181 $ctxt$2rdacontent 182 $cc$2rdamedia 183 $acr$2rdacarrier 200 10$aConnective Tissue Disease $eA Comprehensive Guide - Volume 2 /$fedited by Dario Roccatello, Lorenzo Emmi 205 $a1st ed. 2024. 210 1$aCham :$cSpringer International Publishing :$cImprint: Springer,$d2024. 215 $a1 online resource (428 pages) 225 1 $aRare Diseases of the Immune System,$x2283-6403 311 08$a3-031-60854-2 327 $aPreface -- 1 From diagnosis to classification and back: historical perspective -- 2 Rheumatoid Arthritis -- Psoriatic Arthritis -- 3 Cryoglobulinemia and hypocryoglobulinemia -- 4 IgG4 diseases -- 5 Nailfold videcapillaroscopy in connective tissue diseases -- 6 Systemic Sclerosis -- 7 Polymyositis/Dermatomyositis -- 8 Antisynthetase syndrome -- 9 Polycondritis -- 10 Mixed and undifferentiated connective tissue disease -- 11 Periaortitis and retroperitoneal fibrosis -- 12 Overview on CTD in the paediatric age -- 13 Overview on CTD in the elderly -- 14 Rheumatic and nephrologic complications of checkpoint inhibitors -- 15 Pulmonary involvement in Rheumatic diseases -- 16 Nephrologic involvement in Rheumatic diseases -- 17 Cardiologic involvement in Rheumatic diseases -- 18 Neurologic involvement in Rheumatic diseases -- 19 Bone involvement in rheumatic diseases -- 20 Pregnancy in Rheumatic diseases -- 21 Management of infections in Rheumatic diseases: Andrade Danieli -- 22 Advances in laboratory diagnosis of rheumatic diseases. 330 $aThis volume aims at delivering the state-of-the-art scientific and clinical know-how for the management of patients with Connective Tissue Diseases (CTDs). With contributions from leading specialists from different disciplines, it presents the latest research findings on many aspects of the diseases in a clear, comprehensive way, and describes the most recent trends in treatment, such as the ?treat to target? approach. Both basic science and clinical medicine are addressed, with emphasis on the most promising clinical and laboratory-based studies. The coverage is comprehensive in scope, and includes epidemiology, pathogenesis, autoantibodies and biomarkers, disease manifestations, involvement of different organs or systems, the relationships with other disorders, and biological therapy. Readers will find this second volume to be an excellent source of information on the current understanding of CTDs, and clinical approach to CTD, clearly conveying the progress made in recent years. Connective Tissue Disease ? A Comprehensive Guide Vol.2 will be an invaluable source of up-to-date information for all practitioners involved in the care of patients with these complex diseases. 410 0$aRare Diseases of the Immune System,$x2283-6403 606 $aRheumatology 606 $aImmunology 606 $aNephrology 606 $aBiology$xTechnique 606 $aExperimental immunology 606 $aRheumatology 606 $aImmunology 606 $aNephrology 606 $aImmunological Techniques 615 0$aRheumatology. 615 0$aImmunology. 615 0$aNephrology. 615 0$aBiology$xTechnique. 615 0$aExperimental immunology. 615 14$aRheumatology. 615 24$aImmunology. 615 24$aNephrology. 615 24$aImmunological Techniques. 676 $a616.77 700 $aRoccatello$b D$g(Dario)$01887000 701 $aEmmi$b Lorenzo$0101334 801 0$bMiAaPQ 801 1$bMiAaPQ 801 2$bMiAaPQ 906 $aBOOK 912 $a9910887815903321 996 $aConnective Tissue Disease$94522762 997 $aUNINA